Space exploration

Bibliographic Details
Main Author: Jones, Brian
Format: Book
Published: Singapore : Federal Publications , 1990
Series:Times Information Library
Subjects:

MARC

LEADER 00000cam a2200000 7i4500
001 0000005679
002 000006137
005 20000330.0
020 |a 9810101430 
090 0 0 |a JR 032.02   |b TIM 
100 0 |a Jones, Brian 
245 1 0 |a Space exploration   |c Brian Jones 
260 |a Singapore :   |b Federal Publications ,   |c 1990 
300 |a 64 p. ;   |c 26 cm. 
490 0 |a Times Information Library 
650 0 0 |a Space craft   |x Juvenile literature 
999 |a 027221   |b BUKU   |c PINJAMAN   |e PERPUSTAKAAN KOMUNITI PETALING JAYA